Ornamental wall painting in the art of the Assyrian Empire /

محفوظ في:

المؤلف الرئيسي: Albenda, Pauline (مؤلف)

التنسيق: كتاب

اللغة: English

منشور في: Leiden ; Boston : Brill, 2005.

سلاسل: Cuneiform monographs, 28.

الموضوعات:

الوسوم: إضافة وسم

لا توجد وسوم, كن أول من يضع وسما على هذه التسجيلة!

رقم الطلب: ND2819 .I7 A53 2005

LEADER 01131nam a22002657a 4500
003 OSt
005 20250901092121.0
008 250303s2005 ne a b 001 0 eng d
020 |a 9004141545 (hardback) 
040 |c ARCE Library 
043 |a a-iq--- 
050 1 4 |a ND2819 .I7   |b A53 2005 
100 1 |a Albenda, Pauline,   |e author  |9 25031 
245 1 0 |a Ornamental wall painting in the art of the Assyrian Empire /   |c by Pauline Albenda. 
264 1 |a Leiden ;   |a Boston :   |b Brill,   |c 2005. 
300 |a xiii, 148 pages :   |b illustrations ;   |c 25 cm. 
490 1 |a Cuneiform monographs,   |x 0929-0052 ;   |v 28. 
504 |a Includes bibliographical references (p. 137-144) and indexes. 
505 0 |a Ch. I. Introduction -- Ch. II. Discoveries of the wall paintings -- Ch. III. Til Barsip -- Ch. IV. The ornamental painted designs -- Ch. V. Concluding commentary.  
650 0 |a Mural painting and decoration, Ancient  |z Iraq  |x Themes, motives. 
650 0 |a Mural painting and decoration, Assyro-Babylonian  |x Themes, motives. 
830 0 |a Cuneiform monographs,   |x 0929-0052 ;   |v 28. 
901 |a reviewed 
942 |c BK  |2 lcc 
999 |c 23826  |d 23826